书目信息 |
| 题名: |
大学普通化学
|
|
| 作者: | 凯南 著 ;天津大学普通化学教研室 译 | |
| 分册: | 中册 | |
| 出版信息: | 北京 人民教育出版社 1980 |
|
| 页数: | 284页 | |
| 开本: | 25cm | |
| 丛书名: | ||
| 单 册: | ||
| 中图分类: | O6 | |
| 科图分类: | ||
| 主题词: | 普通化学--高等学校--教学参考资料 | |
| 电子资源: | ||
| ISBN: | ||
| 000 | 00806nam0 2200253 45 | |
| 001 | 0180005370 | |
| 005 | 20060814172748.40 | |
| 010 | @dCNY1.40 | |
| 091 | @a13012.0547 | |
| 100 | @a19950530d1980 em y0chiy0121 ea | |
| 101 | 1 | @achi@ceng |
| 102 | @aCN@b110000 | |
| 105 | @ay z 000yy | |
| 200 | 10 | @a大学普通化学@Ada xue pu tong hua xue@h中册@f(美)C·W·凯南著@F(mei)C·W·kai nan zhu@g天津大学普通化学教研室译 |
| 210 | @a北京@c人民教育出版社@d1980 | |
| 215 | @a284页@d25cm | |
| 510 | 1 | @aGeneral college chemistry.@zeng |
| 606 | @a普通化学@x高等学校@x教学参考资料 | |
| 690 | @aO6@v3 | |
| 701 | 0 | @a凯南@Akai nan@4著 |
| 712 | 02 | @a天津大学普通化学教研室@Atian jin da xue pu tong hua xue jiao yan shi@4译 |
| 801 | 0 | @aCN@b上海图书馆@c20060814 |
| 801 | 2 | @aCN@bNLC@c20060812 |
| 905 | @dO6@e106:2 | |
| 大学普通化学.中册/(美)C·W·凯南著/天津大学普通化学教研室译.-北京:人民教育出版社,1980 |
| 284页;25cm |
| ISBN :CNY1.40 |
| ● |
| 相关链接 |
|
|
|
|
正题名:大学普通化学
索取号:O6/106:2
 
预约/预借
| 序号 | 登录号 | 条形码 | 馆藏地/架位号 | 状态 | 备注 |
| 1 | 0006982 | 204323339 | 密集书库/ [索取号:O6/106:2] | 在馆 | |
| 2 | 0069821 | 001943231 | 第三借阅区/ [索取号:O6/106:2] | 在馆 | |
| 3 | 0069822 | 000338147 | 第二样本阅览室/ [索取号:O6/106:2] | 在馆 | |
| 4 | 0432752 | 204327521 | 密集书库/ [索取号:O6/106:2] | 在馆 | |
| 5 | 0433032 | 204330321 | 密集书库/ [索取号:O6/106:2] | 在馆 | |
| 6 | 0433033 | 204330330 | 密集书库/ [索取号:O6/106:2] | 在馆 | |
| 7 | 0443029 | 204430295 | 密集书库/ [索取号:O6/106:2] | 在馆 | |
| 8 | 0443030 | 204430302 | 密集书库/ [索取号:O6/106:2] | 在馆 | |
| 9 | 0454287 | 204542879 | 密集书库/ [索取号:O6/106:2] | 在馆 | |
| 10 | 0454288 | 204542888 | 密集书库/ [索取号:O6/106:2] | 在馆 | |
| 11 | 0454289 | 204542897 | 密集书库/ [索取号:O6/106:2] | 在馆 | |
| 12 | 0454846 | 204548463 | 密集书库/ [索取号:O6/106:2] | 在馆 | |
| 13 | 0454847 | 204548472 | 密集书库/ [索取号:O6/106:2] | 在馆 | |
| 14 | 0461337 | 204613374 | 密集书库/ [索取号:O6/106:2] | 在馆 | |
| 15 | 0461338 | 204613383 | 密集书库/ [索取号:O6/106:2] | 在馆 |